A comparative study of six manuscripts of Juan Pérez de Montalbán (Record no. 29994)

MARC details
000 -LEADER
campo de control de longitud fija 00810nam a2200205 i 4500
001 - NÚMERO DE CONTROL
campo de control 29994
003 - IDENTIFICADOR DE NÚMERO DE CONTROL
campo de control ES-MaACL
005 - FECHA Y HORA DE LA ÚLTIMA TRANSACCIÓN
campo de control 20251118181726.0
007 - CAMPO FIJO DE DESCRIPCIÓN FÍSICA--INFORMACIÓN GENERAL
campo de control de longitud fija t|
008 - DATOS DE LONGITUD FIJA--INFORMACIÓN GENERAL
campo de control de longitud fija 030123s1976 xxu ||||1| eng d
100 1# - ENTRADA PRINCIPAL--NOMBRE DE PERSONA
Nombre de persona Barrett, Linton Lomas.
9 (RLIN) 25959
245 10 - MENCIÓN DEL TÍTULO
Título A comparative study of six manuscripts of Juan Pérez de Montalbán
Resto del título : como padre y como Rey /
Mención de responsabilidad, etc. Linton Lomas Barrett ; edited by Carmen Iranzo de Ebersole with an introduction by Sturgis E. Leavitt.
260 ## - PUBLICACIÓN, DISTRIBUCIÓN, ETC.
Lugar de publicación, distribución, etc. Chapell Hill (Noth Carolina) :
Nombre del editor, distribuidor, etc. Estudios de Hispanófila,
Fecha de publicación, distribución, etc. [1976]
300 ## - DESCRIPCIÓN FÍSICA
Extensión 88 p., 8 lám. ;
Dimensiones 24 cm.
600 14 - PUNTO DE ACCESO ADICIONAL DE MATERIA--NOMBRE DE PERSONA
Nombre de persona Pérez de Montalbán, Juan,
Fechas asociadas al nombre 1602-1638
9 (RLIN) 90793
700 1# - ENTRADA AGREGADA--NOMBRE PERSONAL
Nombre de persona Iranzo de Ebersole, Carmen.
9 (RLIN) 65416
700 1# - ENTRADA AGREGADA--NOMBRE PERSONAL
Nombre de persona Leavitt, Sturgis E.
9 (RLIN) 70996
852 ## - LOCALIZACIÓN
Ubicación ES-MaACL
Número de control de estantería A-6060
Sublocalización o colección R.94988
Holdings
Estatus retirado Estado de pérdida Estado de daño No para préstamo Biblioteca de origen Biblioteca actual Ubicación en estantería Fecha de adquisición Fuente de adquisición Total de préstamos Signatura topográfica completa Código de barras Visto por última vez Precio de reemplazo Tipo de ítem Koha
        Biblioteca del Ateneo de Madrid Biblioteca del Ateneo de Madrid Sala Pecera Planta 1 17/01/2008     A-6060 1030966 23/02/2023 23/02/2023 Libro impreso